[Event "Titled Tuesday intern op 16th May Early"]
[Site "Chess.com INT"]
[Date "2023.05.16"]
[Round "4"]
[White "Colbow, Collin"]
[Black "Fikiet, Alex M"]
[Result "1-0"]
[WhiteElo "2408"]
[BlackElo "2153"]
[PlyCount "31"]
[EventDate "2023.05.16"]
[EventType "swiss (blitz)"]
[EventRounds "11"]
[EventCountry "USA"]
[SourceTitle "CBM 214 Extra"]
[Source "ChessBase"]
[SourceDate "2023.07.31"]
[SourceVersion "1"]
[SourceVersionDate "2023.07.31"]
[SourceQuality "1"]

1. d4 d5 2. Nc3 Nf6 3. Bf4 a6 4. e3 b5 5. g4 Bxg4 6. f3 Bh5 7. Qd2 e6 8. 0-0-0 Nbd7 9. Bg2 c5 10. dxc5 Nxc5 11. Nge2 b4 12. Nb1 Rc8 13. Nd4 Be7 14. Nb3 0-0 15. Rhg1 Qa5 16. Nxa5 1-0

[Event "Titled Tuesday intern op 7th Mar Early"]
[Site "Chess.com INT"]
[Date "2023.03.07"]
[Round "7"]
[White "Fikiet, Alex M"]
[Black "Manukyan, Sargis V"]
[Result "0-1"]
[WhiteElo "2153"]
[BlackElo "2253"]
[PlyCount "82"]
[EventDate "2023.03.07"]
[EventType "swiss (blitz)"]
[EventRounds "11"]
[EventCountry "USA"]
[SourceTitle "EXT 2024"]
[Source "ChessBase"]
[SourceDate "2023.10.10"]
[SourceVersion "1"]
[SourceVersionDate "2023.10.10"]
[SourceQuality "1"]

1. e4 c5 2. Nf3 Nc6 3. Bb5 g6 4. Bxc6 dxc6 5. d3 Bg7 6. h3 Nf6 7. Nc3 Nd7 8. Be3 e5 9. Qd2 h6 10. a3 b6 11. 0-0 Nf8 12. b4 cxb4 13. axb4 Ne6 14. b5 Bb7 15. bxc6 Bxc6 16. Ra2 Nd4 17. Nh2 h5 18. f4 exf4 19. Bxf4 0-0 20. Bh6 Bxh6 21. Qxh6 Ne6 22. Qd2 Qg5 23. Qf2 Qc5 24. Qxc5 Nxc5 25. Nf3 Rfe8 26. Nd4 Bd7 27. Rfa1 a6 28. Nd5 Reb8 29. Nc7 Ra7 30. Nxa6 Rba8 31. Nb4 Rxa2 32. Rxa2 Rd8 33. Nd5 Be6 34. Nxe6 fxe6 35. Ne3 b5 36. Rb2 Rb8 37. Rb4 Na6 38. Rd4 Kf7 39. Rd6 Nb4 40. Kf2 Ke7 41. Rd4 Nc6 0-1

[Event "Titled Tuesday intern op 7th Mar Early"]
[Site "Chess.com INT"]
[Date "2023.03.07"]
[Round "3"]
[White "Fikiet, Alex M"]
[Black "Vargas Rodriguez, Wilver"]
[Result "1-0"]
[WhiteElo "2153"]
[BlackElo "2332"]
[PlyCount "49"]
[EventDate "2023.03.07"]
[EventType "swiss (blitz)"]
[EventRounds "11"]
[EventCountry "USA"]
[SourceTitle "EXT 2024"]
[Source "ChessBase"]
[SourceDate "2023.10.10"]
[SourceVersion "1"]
[SourceVersionDate "2023.10.10"]
[SourceQuality "1"]

1. e4 c5 2. Nf3 d6 3. Bb5+ Bd7 4. Bxd7+ Qxd7 5. 0-0 Nc6 6. Qe2 g6 7. Rd1 Bg7 8. c3 f5 9. exf5 gxf5 10. d4 cxd4 11. cxd4 0-0-0 12. Nc3 Nf6 13. d5 Ne5 14. Nxe5 dxe5 15. Qxe5 Rhg8 16. Bf4 Qd6 17. Qxf5+ Qd7 18. Qd3 b6 19. a4 Nh5 20. Be3 Be5 21. Qe4 Bd6 22. a5 Rg4 23. Qe6 Qxe6 24. dxe6 Kb7 25. Nb5 1-0

[Event "Titled Tuesday intern op 7th Mar Early"]
[Site "Chess.com INT"]
[Date "2023.03.07"]
[Round "4"]
[White "Ozer, Omer Faruk"]
[Black "Fikiet, Alex M"]
[Result "1-0"]
[WhiteElo "2360"]
[BlackElo "2153"]
[PlyCount "61"]
[EventDate "2023.03.07"]
[EventType "swiss (blitz)"]
[EventRounds "11"]
[EventCountry "USA"]
[SourceTitle "EXT 2024"]
[Source "ChessBase"]
[SourceDate "2023.10.10"]
[SourceVersion "1"]
[SourceVersionDate "2023.10.10"]
[SourceQuality "1"]

1. d4 d5 2. Nf3 e6 3. g3 a6 4. Bg2 c5 5. 0-0 cxd4 6. Nxd4 Nf6 7. b3 Be7 8. Bb2 0-0 9. Nd2 Nc6 10. Nxc6 bxc6 11. c4 Rb8 12. Qc2 Nd7 13. e4 Bb7 14. Rfd1 Bf6 15. Nf3 Bxb2 16. Qxb2 Qb6 17. Rac1 Nc5 18. Ne5 dxe4 19. Qc3 f6 20. Nd7 Nxd7 21. Rxd7 c5 22. Qe3 Qc6 23. Rcd1 Rf7 24. R7d6 Qc7 25. Bxe4 Bxe4 26. Qxe4 Re8 27. Rxe6 Rxe6 28. Qxe6 h6 29. Qxa6 Re7 30. Qd6 Qb7 31. Qd5+ 1-0

[Event "Titled Tuesday intern op 05th Apr Early"]
[Site "Chess.com INT"]
[Date "2022.04.05"]
[Round "2"]
[White "Fikiet, Alex M"]
[Black "Noritsyn, Nikolay"]
[Result "1-0"]
[WhiteElo "2184"]
[BlackElo "2512"]
[PlyCount "79"]
[EventDate "2022.04.05"]
[EventType "swiss (blitz)"]
[EventRounds "11"]
[EventCountry "USA"]
[SourceTitle "CBM 207 Extra"]
[Source "ChessBase"]
[SourceDate "2022.05.31"]
[SourceVersion "1"]
[SourceVersionDate "2022.05.31"]
[SourceQuality "1"]

1. e4 e5 2. Nf3 d6 3. d4 exd4 4. Nxd4 Nf6 5. Nc3 Be7 6. Bf4 0-0 7. Be2 Nc6 8. Qd2 Nxd4 9. Qxd4 a6 10. 0-0-0 Be6 11. Kb1 Re8 12. f3 b5 13. g4 c5 14. Qd2 b4 15. Nd5 Nxd5 16. exd5 Bd7 17. g5 Bb5 18. Rde1 Qd7 19. h4 Qf5 20. Rh2 Bf8 21. h5 c4 22. Bg3 c3 23. Qf4 Qxd5 24. Rd1 Qc5 25. Bd3 Bxd3 26. cxd3 Rac8 27. Rc1 Qd5 28. bxc3 Qxd3+ 29. Ka1 Rxc3 30. g6 Rxc1+ 31. Qxc1 Qxf3 32. Rf2 Qb7 33. gxf7+ Qxf7 34. Rxf7 Kxf7 35. Qc4+ Re6 36. Qxb4 Be7 37. Qf4+ Bf6+ 38. Kb1 d5 39. Qb4 Be7 40. Qb7 1-0

[Event "Titled Tuesday intern op 05th Apr Early"]
[Site "Chess.com INT"]
[Date "2022.04.05"]
[Round "8"]
[White "Goryachkina, Aleksandra"]
[Black "Fikiet, Alex M"]
[Result "1-0"]
[WhiteElo "2610"]
[BlackElo "2184"]
[PlyCount "61"]
[EventDate "2022.04.05"]
[EventType "swiss (blitz)"]
[EventRounds "11"]
[EventCountry "USA"]
[SourceTitle "CBM 207 Extra"]
[Source "ChessBase"]
[SourceDate "2022.05.31"]
[SourceVersion "1"]
[SourceVersionDate "2022.05.31"]
[SourceQuality "1"]

1. e4 e5 2. Nf3 Nc6 3. d4 exd4 4. Bc4 Bc5 5. Ng5 Nh6 6. Nxf7 Nxf7 7. Bxf7+ Kxf7 8. Qh5+ g6 9. Qxc5 d5 10. 0-0 dxe4 11. c3 Be6 12. cxd4 Qxd4 13. Qg5 Rhe8 14. Nc3 Bf5 15. Be3 Qe5 16. Bf4 Qa5 17. Rad1 Rad8 18. Qh4 Kg8 19. Bg5 Rxd1 20. Rxd1 Ne5 21. Nd5 Nd7 22. Qh6 Qa6 23. Ne7+ Rxe7 24. Bxe7 Qe2 25. Rc1 Qxb2 26. Rxc7 Qa1+ 27. Rc1 Qg7 28. Qh4 Ne5 29. Bf6 g5 30. Bxg7 gxh4 31. Bxe5 1-0

[Event "Titled Tuesday intern op 05th Apr Early"]
[Site "Chess.com INT"]
[Date "2022.04.05"]
[Round "10"]
[White "Legenia, Artem"]
[Black "Fikiet, Alex M"]
[Result "1/2-1/2"]
[WhiteElo "2092"]
[BlackElo "2184"]
[PlyCount "78"]
[EventDate "2022.04.05"]
[EventType "swiss (blitz)"]
[EventRounds "11"]
[EventCountry "USA"]
[SourceTitle "CBM 207 Extra"]
[Source "ChessBase"]
[SourceDate "2022.05.31"]
[SourceVersion "1"]
[SourceVersionDate "2022.05.31"]
[SourceQuality "1"]

1. d4 d5 2. Nf3 Nf6 3. Bf4 g6 4. e3 Bg7 5. Bd3 0-0 6. Nbd2 c6 7. c3 Bf5 8. Bxf5 gxf5 9. h3 Nh5 10. Bh2 Nf6 11. Ne5 Nbd7 12. g4 Nxe5 13. Bxe5 Qc8 14. Qc2 Ne4 15. Bxg7 Kxg7 16. gxf5 Qxf5 17. f3 Ng3 18. Qxf5 Nxf5 19. Kf2 f6 20. e4 dxe4 21. fxe4 Nd6 22. Rhg1+ Kf7 23. c4 e5 24. dxe5 fxe5 25. c5 Nb5 26. Nb3 Nd4 27. Nxd4 exd4 28. Ke2 Ke6 29. Raf1 Rxf1 30. Rxf1 Rg8 31. Kd3 Rg3+ 32. Kxd4 Rxh3 33. Rf2 h5 34. Rg2 Rf3 35. Rg6+ Rf6 36. Rg7 Rf7 37. Rg6+ Rf6 38. Rg7 Rf7 39. Rg6+ Rf6 1/2-1/2

[Event "Titled Tuesday intern op 21st Dec"]
[Site "Chess.com INT"]
[Date "2021.12.21"]
[Round "1"]
[White "Sidorika, Vladislav"]
[Black "Fikiet, Alex M"]
[Result "1-0"]
[WhiteElo "2278"]
[BlackElo "2184"]
[PlyCount "53"]
[EventDate "2021.12.21"]
[EventType "swiss (blitz)"]
[EventRounds "11"]
[EventCountry "USA"]
[SourceTitle "CBM 205 Extra"]
[Source "ChessBase"]
[SourceDate "2022.01.31"]
[SourceVersion "1"]
[SourceVersionDate "2022.01.31"]
[SourceQuality "1"]

1. c4 e5 2. g3 Nf6 3. Bg2 d5 4. cxd5 Nxd5 5. Nf3 Nc6 6. 0-0 g6 7. Nc3 Nde7 8. d3 Bg7 9. Rb1 0-0 10. b4 a6 11. a4 Nd4 12. Ne4 f5 13. Nxd4 exd4 14. Nc5 Nd5 15. Qb3 c6 16. b5 axb5 17. axb5 Kh8 18. bxc6 bxc6 19. Bd2 Qe7 20. Bxd5 cxd5 21. Qxd5 Ra7 22. Rfe1 Rd8 23. Qc4 Rc7 24. Ba5 Rxc5 25. Bxd8 Qd6 26. Qb4 Qb6 27. Qxb6 1-0

[Event "Titled Tuesday intern op 16th Feb"]
[Site "Chess.com INT"]
[Date "2021.02.16"]
[Round "4"]
[White "Fikiet, Alex M"]
[Black "Heinemann, Josefine"]
[Result "0-1"]
[WhiteElo "2249"]
[BlackElo "2296"]
[PlyCount "78"]
[EventDate "2021.02.16"]
[EventType "swiss (blitz)"]
[EventRounds "11"]
[EventCountry "USA"]
[SourceTitle "EXT 2022"]
[Source "ChessBase"]
[SourceDate "2021.10.06"]
[SourceVersion "1"]
[SourceVersionDate "2021.10.06"]
[SourceQuality "1"]

1. d4 Nf6 2. c4 e6 3. g3 c5 4. d5 exd5 5. cxd5 d6 6. Nc3 g6 7. Bg2 Bg7 8. Nf3 0-0 9. 0-0 Re8 10. h3 Ne4 11. Nxe4 Rxe4 12. Qc2 Re8 13. e4 Nd7 14. Nd2 b5 15. a4 bxa4 16. Rxa4 Nb6 17. Ra2 a5 18. Re1 Bd7 19. Nc4 Nxc4 20. Qxc4 Qb6 21. Bf1 f5 22. Bd2 fxe4 23. Rxe4 Bxb2 24. Rxe8+ Rxe8 25. Bxa5 Qb7 26. Bd2 Bd4 27. Bc3 Bxc3 28. Qxc3 Bxh3 29. Bxh3 Qb1+ 30. Kh2 Qxa2 31. Qf6 Qxd5 32. Bg2 Qh5+ 33. Kg1 Qe5 34. Qf3 d5 35. Qxd5+ Qxd5 36. Bxd5+ Kg7 37. Kf1 Rd8 38. Bc4 Kf6 39. Ke2 Ke5 0-1

[Event "Titled Tuesday intern op 16th Feb"]
[Site "Chess.com INT"]
[Date "2021.02.16"]
[Round "8"]
[White "Sergienko, Sergey"]
[Black "Fikiet, Alex M"]
[Result "1-0"]
[WhiteElo "2335"]
[BlackElo "2249"]
[PlyCount "55"]
[EventDate "2021.02.16"]
[EventType "swiss (blitz)"]
[EventRounds "11"]
[EventCountry "USA"]
[SourceTitle "EXT 2022"]
[Source "ChessBase"]
[SourceDate "2021.10.06"]
[SourceVersion "1"]
[SourceVersionDate "2021.10.06"]
[SourceQuality "1"]

1. e4 e5 2. Nf3 Nc6 3. Bb5 a6 4. Ba4 d6 5. c3 Bd7 6. d4 g6 7. d5 Nce7 8. c4 Bg7 9. Nc3 Nf6 10. 0-0 0-0 11. b4 a5 12. a3 Bxa4 13. Qxa4 axb4 14. Qxb4 b6 15. a4 Ra5 16. Nd2 Nh5 17. Nb3 Ra8 18. a5 bxa5 19. Rxa5 Rxa5 20. Qxa5 f5 21. c5 fxe4 22. Nxe4 Nf4 23. Bxf4 exf4 24. Ng5 Nxd5 25. Ne6 Qh4 26. Nxf8 f3 27. Qa8 Qg5 28. Ne6+ 1-0

[Event "Titled Tuesday intern op 18th Aug"]
[Site "Chess.com INT"]
[Date "2020.08.18"]
[Round "4"]
[White "Fikiet, Alex M"]
[Black "Siva, Mahadevan"]
[Result "1/2-1/2"]
[WhiteElo "2249"]
[BlackElo "2349"]
[PlyCount "125"]
[EventDate "2020.08.18"]
[EventType "swiss (blitz)"]
[EventRounds "10"]
[EventCountry "USA"]
[SourceTitle "CBM 197 Extra"]
[Source "ChessBase"]
[SourceDate "2020.09.30"]
[SourceVersion "1"]
[SourceVersionDate "2020.09.30"]
[SourceQuality "1"]

1. d4 Nf6 2. c4 e6 3. Nc3 Bb4 4. a3 Bxc3+ 5. bxc3 0-0 6. f3 d5 7. e3 c5 8. cxd5 Nxd5 9. Qc2 Nc6 10. Bd3 f5 11. Ne2 Qh4+ 12. g3 Qh3 13. Kf2 e5 14. c4 Nf6 15. d5 e4 16. dxc6 exd3 17. Qxd3 Ne4+ 18. Kg1 Ng5 19. Kf2 Qh5 20. Ng1 bxc6 21. Bb2 Be6 22. Kg2 Rad8 23. Qc3 Rf7 24. h4 Rfd7 25. Rf1 Ne4 26. fxe4 fxe4 27. Rf2 Bg4 28. Qe5 Qg6 29. h5 Qe6 30. Qxe6+ Bxe6 31. Nh3 Bg4 32. Nf4 Bf3+ 33. Rxf3 exf3+ 34. Kxf3 Rd2 35. Be5 Rc2 36. h6 gxh6 37. Rxh6 Rxc4 38. Nh5 Kf7 39. Rf6+ Ke7 40. Rxc6 Rf8+ 41. Nf4 Kd7 42. Rc7+ Kd8 43. Rxh7 Re8 44. Bc7+ Kc8 45. Bd6 Rc3 46. Rxa7 Rexe3+ 47. Kf2 Rxa3 48. Rxa3 Rxa3 49. Nd5 Rb3 50. g4 c4 51. Be5 Kd7 52. g5 Ke6 53. g6 Kxe5 54. g7 Rb8 55. Ne7 Kf6 56. g8Q Rxg8 57. Nxg8+ Ke5 58. Ke2 Kd4 59. Kd2 c3+ 60. Kc2 Kc4 61. Nf6 Kd4 62. Ne4 Kxe4 63. Kxc3 1/2-1/2

[Event "Titled Tuesday intern op 18th Aug"]
[Site "Chess.com INT"]
[Date "2020.08.18"]
[Round "6"]
[White "Gavrilescu, David"]
[Black "Fikiet, Alex M"]
[Result "1-0"]
[WhiteElo "2476"]
[BlackElo "2249"]
[PlyCount "53"]
[EventDate "2020.08.18"]
[EventType "swiss (blitz)"]
[EventRounds "10"]
[EventCountry "USA"]
[SourceTitle "CBM 197 Extra"]
[Source "ChessBase"]
[SourceDate "2020.09.30"]
[SourceVersion "1"]
[SourceVersionDate "2020.09.30"]
[SourceQuality "1"]

1. e4 e5 2. Nf3 Nc6 3. Bc4 Bc5 4. c3 Nf6 5. d4 exd4 6. e5 d5 7. Bb5 Ne4 8. cxd4 Bb6 9. Nc3 0-0 10. Be3 Nxc3 11. bxc3 f6 12. Bxc6 bxc6 13. h3 Ba6 14. Qa4 Bb5 15. Qc2 a5 16. exf6 Qxf6 17. Ne5 Qe7 18. f4 a4 19. Kf2 g5 20. g3 Kh8 21. Kg2 gxf4 22. Bxf4 Rxf4 23. gxf4 Rg8+ 24. Kh2 Qh4 25. Nf7+ Kg7 26. Rhg1+ Kxf7 27. Qf5+ 1-0

[Event "New York Marshall Spring IM"]
[Site "New York"]
[Date "2020.03.02"]
[Round "9"]
[White "Fikiet, Alex M"]
[Black "Nestorovic, Nikola"]
[Result "0-1"]
[WhiteElo "2217"]
[BlackElo "2469"]
[PlyCount "106"]
[EventDate "2020.02.27"]
[EventType "tourn"]
[EventRounds "9"]
[EventCountry "USA"]
[EventCategory "3"]
[SourceTitle "CBM 195 Extra"]
[Source "ChessBase"]
[SourceDate "2020.05.31"]
[SourceVersion "1"]
[SourceVersionDate "2020.05.31"]
[SourceQuality "1"]

1. d4 Nf6 2. c4 e6 3. Nf3 a6 4. Nc3 d5 5. cxd5 exd5 6. Bg5 Be6 7. e3 Nbd7 8. h3 Bd6 9. Bd3 c6 10. 0-0 Qc7 11. Rc1 h6 12. Bxf6 Nxf6 13. Na4 Rd8 14. Qc2 0-0 15. Nc5 Bc8 16. b4 Rfe8 17. a4 Qe7 18. Nd2 Bb8 19. b5 cxb5 20. axb5 a5 21. Bf5 Ne4 22. Bxc8 Nxd2 23. Qxd2 Rxc8 24. Qa2 Rcd8 25. Nd3 Qd6 26. Ne5 Qb6 27. Nf3 Bd6 28. Qa4 Bb4 29. Ne5 Re7 30. Nd3 Bd6 31. Rc2 Rc7 32. Rfc1 Rdc8 33. Rxc7 Rxc7 34. Ra1 Rc3 35. Ne5 Bb4 36. Nd7 Qc7 37. b6 Qc6 38. Nc5 Qxa4 39. Nxa4 Rc2 40. Rb1 Kf8 41. Nb2 Rc6 42. Na4 Ke7 43. Kf1 Kd6 44. Rb2 Rc1+ 45. Ke2 Ra1 46. Nc5 Bxc5 47. dxc5+ Kxc5 48. Kd3 Ra3+ 49. Kc2 Ra4 50. Kc3 Rc4+ 51. Kd3 a4 52. f3 a3 53. Ra2 Ra4 0-1

[Event "New York Marshall Spring IM"]
[Site "New York"]
[Date "2020.02.29"]
[Round "6"]
[White "Lund, Silas Esben"]
[Black "Fikiet, Alex M"]
[Result "0-1"]
[WhiteElo "2340"]
[BlackElo "2217"]
[PlyCount "54"]
[EventDate "2020.02.27"]
[EventType "tourn"]
[EventRounds "9"]
[EventCountry "USA"]
[EventCategory "3"]
[SourceTitle "CBM 195 Extra"]
[Source "ChessBase"]
[SourceDate "2020.05.31"]
[SourceVersion "1"]
[SourceVersionDate "2020.05.31"]
[SourceQuality "1"]

1. d4 d5 2. c4 dxc4 3. Nf3 a6 4. a4 Nc6 5. e4 Bg4 6. d5 Ne5 7. Bf4 Ng6 8. Be3 e6 9. Bxc4 Nh4 10. 0-0 Bxf3 11. gxf3 Qf6 12. Kh1 Nxf3 13. Nd2 Nxd2 14. Bxd2 Nh6 15. Bxh6 Qxh6 16. dxe6 fxe6 17. f4 Rd8 18. Qe1 Bc5 19. Rd1 Qf6 20. e5 Qf5 21. Rxd8+ Kxd8 22. Qd1+ Kc8 23. Bd3 Qh3 24. f5 Rd8 25. Rf3 Qg4 26. f6 gxf6 27. exf6 Rg8 0-1

[Event "New York Marshall Spring IM"]
[Site "New York"]
[Date "2020.02.28"]
[Round "4"]
[White "Noboa Silva, Kevin Omar"]
[Black "Fikiet, Alex M"]
[Result "1/2-1/2"]
[WhiteElo "2329"]
[BlackElo "2217"]
[PlyCount "74"]
[EventDate "2020.02.27"]
[EventType "tourn"]
[EventRounds "9"]
[EventCountry "USA"]
[EventCategory "3"]
[SourceTitle "CBM 195 Extra"]
[Source "ChessBase"]
[SourceDate "2020.05.31"]
[SourceVersion "1"]
[SourceVersionDate "2020.05.31"]
[SourceQuality "1"]

1. d4 d5 2. c4 dxc4 3. Nf3 a6 4. e3 Bg4 5. Bxc4 e6 6. h3 Bh5 7. Nbd2 Nc6 8. Be2 Nf6 9. 0-0 Be7 10. b3 0-0 11. Bb2 Nd5 12. Nc4 f5 13. Nfe5 Bxe2 14. Qxe2 Nxe5 15. Nxe5 Bd6 16. Nd3 Qh4 17. Rfe1 Rae8 18. Rac1 f4 19. exf4 Nxf4 20. Nxf4 Qxf4 21. g3 Qf5 22. Kg2 Rf6 23. Rc2 Ref8 24. Qe4 Qd5 25. Re3 a5 26. h4 h6 27. Rce2 b6 28. Kg1 R8f7 29. Qg2 Rg6 30. Kf1 Rgf6 31. Qh3 Rf3 32. Kg1 Rxe3 33. Rxe3 Rf6 34. Qg4 Kf7 35. Qe2 Kg8 36. Qc4 Kf7 37. Qc2 Kg8 1/2-1/2

[Event "USA tt"]
[Site "ICC INT"]
[Date "2011.10.05"]
[Round "6"]
[White "Fikiet, Alex M"]
[Black "Alvarez, Ernesto1111"]
[Result "1-0"]
[WhiteElo "2226"]
[BlackElo "2236"]
[PlyCount "87"]
[EventDate "2011.08.29"]
[EventType "team-tourn"]
[EventRounds "10"]
[EventCountry "USA"]
[SourceTitle "CBM 144 Extra"]
[Source "ChessBase"]
[SourceDate "2011.10.28"]
[SourceVersion "1"]
[SourceVersionDate "2011.10.28"]
[SourceQuality "1"]
[WhiteTeam "New England"]
[BlackTeam "Miami"]
[WhiteTeamCountry "USA"]
[BlackTeamCountry "USA"]

1. d4 Nf6 2. c4 e6 3. Nf3 c5 4. d5 exd5 5. cxd5 d6 6. Nc3 g6 7. Qa4+ Bd7 8. Qb3 Qc7 9. e4 a6 10. a4 b6 11. Bc4 Bg7 12. Bg5 0-0 13. 0-0 Bg4 14. Nd2 h6 15. Be3 Kh7 16. h3 Bc8 17. f4 Nbd7 18. e5 dxe5 19. f5 gxf5 20. Rxf5 b5 21. axb5 Nb6 22. Rff1 Nxc4 23. Nxc4 Bb7 24. b6 Qe7 25. Rad1 Nh5 26. Qc2+ Kh8 27. Ne4 Rad8 28. Bxc5 Qh4 29. Bxf8 Rxf8 30. Ncd6 Nf4 31. Nxb7 f5 32. Ned6 e4 33. Qf2 Nxh3+ 34. gxh3 Qxh3 35. Qh2 Qg4+ 36. Kh1 f4 37. Nd8 e3 38. N8f7+ Kh7 39. Qc2+ Kg8 40. Nxh6+ Bxh6 41. Rg1 Qg7 42. Rxg7+ Bxg7 43. Rg1 Rf6 44. Nf5 1-0

[Event "USA tt"]
[Site "ICC INT"]
[Date "2011.08.29"]
[Round "1"]
[White "Fikiet, Alex M"]
[Black "Gu, Christopher"]
[Result "1/2-1/2"]
[WhiteElo "2226"]
[BlackElo "2209"]
[PlyCount "65"]
[EventDate "2011.08.29"]
[EventType "team-tourn"]
[EventRounds "10"]
[EventCountry "USA"]
[SourceTitle "CBM 144 Extra"]
[Source "ChessBase"]
[SourceDate "2011.10.28"]
[SourceVersion "1"]
[SourceVersionDate "2011.10.28"]
[SourceQuality "1"]
[WhiteTeam "New England"]
[BlackTeam "Boston Blitz"]
[WhiteTeamCountry "USA"]
[BlackTeamCountry "USA"]

1. d4 Nf6 2. c4 e6 3. g3 Bb4+ 4. Bd2 Qe7 5. Nf3 Nc6 6. Nc3 Bxc3 7. Bxc3 Ne4 8. Rc1 0-0 9. Bg2 d6 10. 0-0 Nxc3 11. Rxc3 e5 12. d5 Nb8 13. Nd2 a5 14. f4 f5 15. fxe5 Qxe5 16. Nf3 Qe7 17. Nd4 Na6 18. Rcf3 Nc5 19. Nxf5 Bxf5 20. Rxf5 Qe3+ 21. Kh1 Rxf5 22. Rxf5 Ne4 23. Qe1 Rf8 24. Rxf8+ Kxf8 25. Qf1+ Ke7 26. Bxe4 Qxe4+ 27. Qf3 Qxc4 28. Qe3+ Kd8 29. Qe6 Qc1+ 30. Kg2 Qxb2 31. Qg8+ Ke7 32. Qe6+ Kd8 33. Qg8+ 1/2-1/2

[Event "Philadelphia op"]
[Site "Philadelphia"]
[Date "2011.04.21"]
[Round "2"]
[White "Mitkov, Nikola"]
[Black "Fikiet, Alex M"]
[Result "1-0"]
[WhiteElo "2529"]
[BlackElo "2223"]
[PlyCount "59"]
[EventDate "2011.04.20"]
[EventType "swiss"]
[EventRounds "9"]
[EventCountry "USA"]
[SourceTitle "CBM 141 Extra"]
[Source "ChessBase"]
[SourceDate "2011.05.03"]
[SourceVersion "1"]
[SourceVersionDate "2011.05.03"]
[SourceQuality "1"]

1. e4 d6 2. Nc3 Nf6 3. Bc4 e5 4. d3 Be7 5. f4 Nbd7 6. Nf3 c6 7. a3 0-0 8. 0-0 b5 9. Ba2 Qc7 10. Kh1 a5 11. Ne2 Nc5 12. Be3 Nfd7 13. Ng3 b4 14. Nf5 Bf6 15. fxe5 dxe5 16. axb4 axb4 17. Bxf7+ Rxf7 18. Rxa8 Na6 19. Rxc8+ Qxc8 20. Nd6 Qf8 21. Nxf7 Qxf7 22. Qa1 Nab8 23. Ng5 Qe7 24. Qa2+ Kf8 25. Nxh7+ Ke8 26. Qg8+ Nf8 27. Nxf8 Qxf8 28. Qxf8+ Kxf8 29. Bc5+ Ke8 30. Bxb4 1-0

[Event "North American-ch U16"]
[Site "Montreal"]
[Date "2010.08.18"]
[Round "5"]
[White "Ng, Andrew"]
[Black "Fikiet, Alex M"]
[Result "1-0"]
[WhiteElo "2200"]
[BlackElo "2223"]
[PlyCount "51"]
[EventDate "2010.08.16"]
[EventType "swiss"]
[EventRounds "7"]
[EventCountry "CAN"]
[SourceTitle "EXT 2013"]
[Source "ChessBase"]
[SourceDate "2012.11.22"]
[SourceVersion "1"]
[SourceVersionDate "2012.11.22"]
[SourceQuality "1"]

1. e4 e5 2. Nf3 Nc6 3. Bc4 Bc5 4. c3 Nf6 5. d3 d6 6. Bb3 a6 7. Nbd2 0-0 8. h3 b5 9. Nf1 Bb6 10. Be3 Ne7 11. Bxb6 cxb6 12. Ne3 Bb7 13. 0-0 Ng6 14. Re1 h6 15. Nf5 Re8 16. N3h4 Nxh4 17. Nxh4 Nd7 18. Qh5 Qf6 19. Re3 d5 20. Rf3 Qe6 21. Nf5 Kh7 22. exd5 Bxd5 23. Bxd5 Qxd5 24. Nxh6 f6 25. Nf5+ Kg8 26. Qg6 1-0